00296 a2200097 4500001001000000005001700010008004100027245006400068100002500132773004100157ART_5190020260410161633.0260409a 10aGestión y reducción de costos en la crisis del COVID-191 aSmolje, Alejandro R.0 tEnfoquesg- N°6 (jun. 2020)wREV416